| Tag |
First Indicator |
Second Indicator |
Subfields |
| LEADER |
00000cam a2200000Ia 4500 |
| 001 |
in00001843921 |
| 005 |
20151026065819.0 |
| 008 |
040427s2004 nyuabf b 001 0 eng d |
| 020 |
|
|
|a 0786713429
|
| 035 |
|
|
|a (OCoLC)ocm55033381
|
| 040 |
|
|
|a ORX
|c ORX
|d JED
|d TXA
|d UtOrBLW
|
| 043 |
|
|
|a e-gx---
|
| 049 |
|
|
|a TXAM
|
| 082 |
0 |
4 |
|a 943.085
|2 22
|
| 090 |
|
|
|a DD238
|b .J66 2004
|
| 100 |
1 |
|
|a Jones, Nigel H.
|
| 245 |
1 |
2 |
|a A brief history of the birth of the Nazis /
|c Nigel Jones ; foreword by Michael Burleigh.
|
| 246 |
3 |
0 |
|a Birth of the Nazis
|
| 246 |
1 |
|
|i Subtitle on cover:
|a How the Freikorps blazed a trail for Hitler
|
| 250 |
|
|
|a Rev. pbk. ed.
|
| 264 |
|
1 |
|a New York :
|b Carroll & Graf,
|c 2004.
|
| 300 |
|
|
|a xix, 329 pages, 8 unnumbered pages of plates :
|b illustrations, maps ;
|c 20 cm.
|
| 336 |
|
|
|a text
|b txt
|2 rdacontent
|
| 337 |
|
|
|a unmediated
|b n
|2 rdamedia
|
| 338 |
|
|
|a volume
|b nc
|2 rdacarrier
|
| 500 |
|
|
|a Original edition published: Hitler's heralds. London : Murray, 1987.
|
| 504 |
|
|
|a Includes bibliographical references (pages [311]-316) and index.
|
| 610 |
1 |
0 |
|a Germany.
|b Heer.
|b Freikorps
|x History.
|
| 651 |
|
0 |
|a Germany
|x Politics and government
|y 1918-1933.
|
| 700 |
1 |
|
|a Jones, Nigel H.
|t Hitler's heralds.
|
| 948 |
|
|
|a cataloged
|b h
|c 2004/6/18
|d c
|e mphillip
|f 6:51:47 pm
|
| 994 |
|
|
|a E0
|b TXA
|
| 999 |
|
|
|a MARS
|
| 999 |
f |
f |
|s 0e904285-6e4a-39ae-9448-67e608928fbd
|i 0cfa7966-87ba-305c-8087-fff42ac5da96
|t 0
|
| 952 |
f |
f |
|p normal
|a Texas A&M University
|b College Station
|c Sterling C. Evans Library
|d Evans: Library Stacks
|t 0
|e DD238 .J66 2004
|h Library of Congress classification
|i unmediated -- volume
|m A14831943505
|
| 998 |
f |
f |
|a DD238 .J66 2004
|t 0
|l Evans: Library Stacks
|